[Event "VIE-ch"]
[Site "Ho Chi Minh City"]
[Date "2018.04.29"]
[Round "4"]
[White "Pham, Minh Hieu"]
[Black "Tong, Thai Hung"]
[Result "1/2-1/2"]
[WhiteElo "1942"]
[BlackElo "2191"]
[PlyCount "154"]
[EventDate "2018.04.27"]
[EventType "swiss"]
[EventRounds "9"]
[EventCountry "VIE"]
[SourceTitle "CBM 184 Extra"]
[Source "ChessBase"]
[SourceDate "2018.06.28"]
[SourceVersion "1"]
[SourceVersionDate "2018.06.28"]
[SourceQuality "1"]

1. e4 c5 2. Nc3 Nc6 3. g3 g6 4. Bg2 Bg7 5. d3 e6 6. Be3 d6 7. Qd2 Rb8 8. Nge2 b5 9. 0-0 Nge7 10. f4 Nd4 11. Nd1 b4 12. Nc1 0-0 13. c3 Ndc6 14. Ne2 Qa5 15. c4 Nd4 16. Bxd4 cxd4 17. Nf2 f5 18. Rfc1 Qc5 19. Re1 a5 20. a4 b3 21. Nc1 Rb4 22. Ra3 Qb6 23. Qd1 Bd7 24. Rxb3 Bxa4 25. Rxb4 Qxb4 26. Na2 Bxd1 27. Nxb4 Bb3 28. Na6 Kf7 29. Nc7 Rc8 30. Nb5 Rd8 31. Ra1 a4 32. Rc1 e5 33. fxe5 Bxe5 34. exf5 gxf5 35. Nh3 Kf6 36. Kf2 d5 37. cxd5 Nxd5 38. Rc6+ Kg7 39. Bxd5 Rxd5 40. Rb6 Rc5 41. Na3 Rc1 42. Ng5 Rd1 43. Nf3 Bf6 44. Rb7+ Kg6 45. Rb6 Kf7 46. Rb7+ Kg8 47. Rb8+ Kg7 48. Rb7+ Kg6 49. Rb6 Bd5 50. Nxd4 Rxd3 51. Ne2 Kf7 52. Nb1 Rb3 53. Rxb3 Bxb3 54. Nbc3 Ke6 55. Ke3 Ke5 56. Nd4 Bg5+ 57. Kd3 f4 58. gxf4+ Bxf4 59. h3 Bc1 60. Nxb3 axb3 61. Nd1 Kf4 62. Kc3 Kg3 63. Kxb3 Kxh3 64. Kc2 Bf4 65. Kd3 h5 66. Ke4 Kg3 67. Nc3 Bc7 68. Ne2+ Kg2 69. Nd4 h4 70. Nf3 h3 71. Ke3 Bd6 72. Ke2 Bc5 73. Nh4+ Kg3 74. Nf3 Bb4 75. Kf1 Bc5 76. Ke2 Bb4 77. Kf1 Bc5 1/2-1/2

[Event "Hanoi HD Bank op-B 8th"]
[Site "Hanoi"]
[Date "2018.03.12"]
[Round "4"]
[White "Bui, Huy Phuoc"]
[Black "Pham, Minh Hieu"]
[Result "0-1"]
[WhiteElo "1624"]
[BlackElo "1933"]
[PlyCount "48"]
[EventDate "2018.03.10"]
[EventType "swiss"]
[EventRounds "9"]
[EventCountry "VIE"]
[SourceTitle "CBM 183 Extra"]
[Source "ChessBase"]
[SourceDate "2018.04.19"]
[SourceVersion "1"]
[SourceVersionDate "2018.04.19"]
[SourceQuality "1"]

1. e4 c5 2. Nf3 Nc6 3. d4 cxd4 4. Nxd4 g6 5. Nc3 Bg7 6. Be3 Nf6 7. Bc4 0-0 8. Bb3 a5 9. f3 d5 10. Nxc6 bxc6 11. e5 Nd7 12. f4 e6 13. Na4 Qe7 14. c4 Ba6 15. Rc1 Qh4+ 16. g3 Qh3 17. cxd5 cxd5 18. Rc7 Rfd8 19. Kf2 d4 20. Bxd4 Nxe5 21. fxe5 Bxe5 22. Bxe5 Rxd1 23. Bxd1 Qf5+ 24. Bf4 Rd8 0-1

[Event "Hanoi HD Bank op-B 8th"]
[Site "Hanoi"]
[Date "2018.03.12"]
[Round "5"]
[White "Pham, Minh Hieu"]
[Black "Jayaram, R."]
[Result "1-0"]
[WhiteElo "1933"]
[BlackElo "2033"]
[PlyCount "85"]
[EventDate "2018.03.10"]
[EventType "swiss"]
[EventRounds "9"]
[EventCountry "VIE"]
[SourceTitle "CBM 183 Extra"]
[Source "ChessBase"]
[SourceDate "2018.04.19"]
[SourceVersion "1"]
[SourceVersionDate "2018.04.19"]
[SourceQuality "1"]

1. e4 e5 2. Nf3 Nc6 3. Nc3 Nf6 4. d4 exd4 5. Nxd4 Bb4 6. Nxc6 bxc6 7. Bd3 d5 8. exd5 cxd5 9. 0-0 0-0 10. Bg5 Be6 11. Ne2 h6 12. Bh4 Rb8 13. Nd4 Bd7 14. Qf3 g5 15. Bg3 Bg4 16. Bxc7 Qxc7 17. Qxf6 Rb6 18. Nb5 Qb7 19. Qd4 Bd7 20. Nc3 Be6 21. Na4 Rc6 22. c3 Be7 23. b4 Rfc8 24. f4 gxf4 25. Qxf4 Bg5 26. Qd4 Qe7 27. Rae1 Bd2 28. Bh7+ Kxh7 29. Qd3+ Kg7 30. Qxd2 Qg5 31. Qd4+ Kh7 32. Nc5 Rg8 33. Rf2 Rg7 34. b5 Rb6 35. a4 Bc8 36. Re3 Rbg6 37. Rg3 Qc1+ 38. Rf1 Qc2 39. Rxg6 Qxg6 40. Qd3 Qxd3 41. Nxd3 Kg8 42. a5 Rg6 43. Ne5 1-0

[Event "Penang op-B 9th"]
[Site "Penang"]
[Date "2017.12.06"]
[Round "4"]
[White "Wong, Zhenyong Jayden"]
[Black "Pham, Minh Hieu"]
[Result "1/2-1/2"]
[WhiteElo "1688"]
[BlackElo "1962"]
[PlyCount "65"]
[EventDate "2017.12.04"]
[EventType "swiss"]
[EventRounds "9"]
[EventCountry "MAS"]
[SourceTitle "CBM 182 Extra"]
[Source "ChessBase"]
[SourceDate "2018.02.23"]
[SourceVersion "1"]
[SourceVersionDate "2018.02.23"]
[SourceQuality "1"]

1. e4 c5 2. Nf3 Nc6 3. c3 Nf6 4. e5 Nd5 5. d4 cxd4 6. cxd4 d6 7. Bc4 e6 8. 0-0 Nb6 9. Bb3 dxe5 10. dxe5 Qxd1 11. Rxd1 Bb4 12. a3 Ba5 13. Bd2 Bd7 14. Ba2 Bxd2 15. Nbxd2 Ke7 16. Ne4 Nb8 17. Nd6 Bc6 18. Ng5 h6 19. Ndxf7 Rf8 20. Nxe6 Rxf7 21. Nc7 Rf5 22. Nxa8 Nxa8 23. g3 Rxe5 24. Re1 Nd7 25. f4 Rxe1+ 26. Rxe1+ Kf8 27. Kf2 Nab6 28. Ke3 Na8 29. Rd1 Nc7 30. f5 Ke7 31. Kf4 Kf6 32. Rd6+ Ke7 33. Rd2 1/2-1/2